000 01059nam a22003137a 4500
003 CHAP
005 20220817041556.0
008 971013s1986 r 00010 d
010 _a18495
011 _a19467
035 _a23552
040 _cCHAP
090 _aTesis
100 0 0 _aAleman Guerrero, Victor Hugo.
_93785
245 _aEstudio de diferentes niveles de gallinaza en el control de formación de costra en el suelo y en el establecimiento de un cultivo
260 _aMarín, N.L., :
_bEl autor,
_c1986
300 _a99 h
502 _aTesis (Ing. Agrónomo Fitotecnista) -- Univ. Autónoma de Nuevo León. Fac. de Agronomía
590 _aALEPH
_b10
_c20130110
_lUCH01
_h1241
590 _aBATCH-UPD
_b10
_c20130110
_lUCH01
_h1847
590 _aBATCH-UPD
_b10
_c20130410
_lUCH01
_h1217
590 _aCONVERSION
_b10
_c20130109
_lUCH01
_h1311
650 1 4 _aAbonos
_xEfecto en suelos.
650 1 4 _aGallinaza.
_944445
650 1 4 _aSuelos
_xCostras.
_9110331
901 _aBK
942 _cTESIS
949 _bBC
_cTES
_d-54758
_eTS1
_h20024
_i23552
_si
999 _c18495
_d18495